[Event "3rd GRENKE Chess Open 2018"]
[Site "Karlsruhe"]
[Date "2018.03.31"]
[Round "5"]
[White "Shirov, Alexei"]
[Black "Flick, Antoine"]
[Result "1-0"]
[WhiteElo "2651"]
[BlackElo "2364"]
[Annotator "TA"]
[PlyCount "63"]
[EventDate "2018.??.??"]
[EventType "swiss"]
[EventCountry "GER"]
[SourceTitle "playchess.com"]
[Source "ChessBase"]
[SourceQuality "1"]

{[%evp 17,63,26,24,25,33,26,27,24,35,23,39,29,39,46,35,0,54,41,33,0,4,-64,20,17,48,43,56,44,46,33,156,164,280,287,319,316,316,322,287,139,325,302,356,360,454,221,2024,1984]} 1. e4 c5 2. Nf3 Nc6 3. d4 cxd4 4. Nxd4 e5 5. Nb5 {[%cal Bd4b5,Bb5a3,Ba3c2,Bc2e3][%mdl 32]} d6 6. c4 Be7 7. N1c3 a6 8. Na3 f5 9. exf5 Bxf5 10. Nc2 {B32: Sicilian: Löwenthal and Kalashnikov Variations} (10. Bd3 Be6 11. Qh5+ Bf7 12. Qh3 Nf6 13. O-O Nd4 14. Be3 Be6 15. Qh4 Nf5 16. Bxf5 Bxf5 17. Rad1 Qc8 18. c5 dxc5 {0-1 (61) Kasimdzhanov,R (2693)-Naiditsch,A (2706) Poznan 2014}) 10... Nf6 11. Ne3 Be6 12. g3 {White has an edge.} O-O 13. Bg2 Kh8 14. O-O Rc8 15. b3 b5 16. Ncd5 $146 ({Predecessor:} 16. cxb5 axb5 17. Nxb5 d5 {0-1 (54) Diu,V (2468)-Belous,V (2586) Vladivostok 2014}) 16... Nd4 (16... bxc4 $11 17. bxc4 Nd4) 17. Bb2 Nxd5 18. cxd5 Bd7 19. Qd3 (19. f4 $11) 19... Qe8 (19... Nf3+ $15 20. Bxf3 Rxf3) 20. f4 $11 Qh5 21. Rae1 Bf6 22. fxe5 dxe5 23. d6 Qh6 (23... Be6 $14) 24. Nd5 $16 Bg5 {[#]} (24... b4 $142) 25. h4 $1 $18 ({Not} 25. Rxe5 Nc6 $16) 25... Bd2 26. Rxf8+ ({Don't play} 26. Rxe5 $6 Nc6 $18) 26... Rxf8 27. Rxe5 Nc6 {[#]} 28. Re2 $40 {[%mdl 128] White wants a kill.} (28. Re7 $1 $18 {[%cal Re7g7] and the rest is easy.} Nxe7 29. dxe7) 28... Ba5 $2 (28... Bc1 $16 29. Bc3 Qxd6) 29. Nc7 Bb6+ 30. Kh2 {And now Re7! would win.} Bc5 31. Re7 (31. Bh3 $142 Bxh3 32. Kxh3 Qxd6 33. Qxd6 Bxd6 34. Ne8) 31... Nb4 $2 (31... Nxe7 32. dxe7 Bxe7) 32. Qc3 {Precision: White = 54%, Black = 23%.} 1-0

[Event "3rd GRENKE Chess Open 2018"]
[Site "Karlsruhe"]
[Date "2018.03.31"]
[Round "5"]
[White "Gordievsky, Dmitry"]
[Black "Grinberg, Eyal"]
[Result "1-0"]
[WhiteElo "2630"]
[BlackElo "2448"]
[Annotator "TA"]
[PlyCount "46"]
[EventDate "2018.??.??"]
[EventType "swiss"]
[EventCountry "GER"]
[SourceTitle "playchess.com"]
[Source "ChessBase"]
[SourceQuality "1"]

{[%evp 22,46,29,14,46,0,0,0,0,0,0,0,0,0,0,-38,0,0,0,0,95,76,133,132,155,137,199]} 1. c4 c6 2. Nf3 d5 3. g3 Nf6 4. Bg2 Bg4 5. Ne5 Be6 6. cxd5 Bxd5 7. Nf3 c5 8. Nc3 {A11: English Opening: 1...c6} Bc6 9. O-O e6 10. Re1 (10. Qc2 Be7 11. Rd1 O-O 12. d4 cxd4 13. Nxd4 Bxg2 14. Kxg2 Nbd7 15. Bg5 {½-½ (15) Svidler,P (2765)-Karjakin,S (2760) Riadh 2017}) 10... Be7 11. e4 {[%cal Be2e4,Be4e5][%mdl 32]} O-O 12. d4 {LiveBook: 10 Games} Re8 13. e5 $146 ({Find the theoretical novelty and annotate with similar games:} 13. h3 b5 14. d5 exd5 15. exd5 Nxd5 {1-0 (49) Schwander,L (2135)-Leutwyler,M (2188) Basel 2018}) 13... Nd5 14. Ne4 Nd7 15. Bg5 Qb6 16. Bxe7 Rxe7 17. Qd2 cxd4 18. a3 Rd8 (18... Ne3 $5 19. fxe3 Bxe4 20. exd4 Bc6 $11) 19. Rac1 {[#]} d3 $1 {[%mdl 512]} 20. b4 (20. Qxd3 Qxb2) 20... f5 (20... Bb5 $11 {keeps the balance.}) 21. Nd6 $16 a6 {[#]} (21... Nc7 $142) 22. Nc4 $1 {[%cal Rc4b6]} Qa7 23. Qxd3 Bb5 {[%mdl 32768] Precision: White = 76%, Black = 50%. . Loss on Time!?} (23... N5b6 $16) 1-0

[Event "3rd GRENKE Chess Open 2018"]
[Site "Karlsruhe"]
[Date "2018.03.31"]
[Round "5"]
[White "Kozul, Zdenko"]
[Black "Heimann, Andreas"]
[Result "1/2-1/2"]
[WhiteElo "2617"]
[BlackElo "2574"]
[Annotator "TA"]
[PlyCount "67"]
[EventDate "2018.??.??"]
[EventType "swiss"]
[EventCountry "GER"]
[SourceTitle "playchess.com"]
[Source "ChessBase"]
[SourceQuality "1"]

{[%evp 31,67,6,4,0,0,0,12,7,3,1,14,14,9,8,8,11,17,11,37,29,22,21,26,20,33,16,37,5,5,0,0,0,0,0,0,0,0,0]} 1. d4 Nf6 2. c4 e6 3. g3 d5 4. Bg2 Be7 5. Nf3 O-O 6. O-O dxc4 7. Qc2 a6 8. a4 Bd7 9. Qxc4 Bc6 10. Bg5 Bd5 11. Qc2 Be4 12. Qd1 {E05: Open Catalan: 5 Nf3 Be7} (12. Qc1 h6 13. Bxf6 Bxf6 14. Rd1 a5 15. Nbd2 Bxf3 16. Bxf3 c6 17. Nb3 Na6 18. h4 Qb6 19. Qc4 Rfd8 20. e3 Be7 {½-½ (31) Markus,R (2617)-Berkes,F (2658) Budapest 2017}) 12... c5 13. dxc5 Bxc5 14. Nbd2 Bc6 15. Nb3 Be7 16. Qxd8 Rxd8 {LiveBook: 11 Games} 17. Ne5 Bxg2 18. Kxg2 Nbd7 $146 ({Predecessor:} 18... h6 19. Bxf6 Bxf6 20. Nd3 Nc6 21. Rac1 g6 22. Rc2 {½-½ (22) Kudr,R (2247)-Tocklin,T (2277) ICCF email 2017}) 19. Nxd7 Rxd7 20. Rfc1 Nd5 21. Bxe7 Nxe7 22. Rc4 Rc8 23. Rxc8+ Nxc8 $11 {[%mdl 4096] Endgame KRN-KRN} 24. Rc1 Na7 (24... Ne7 {is interesting.} 25. a5 g5 26. Nc5 Rc7 27. Rc4 h5) 25. Nc5 Rc7 $1 26. a5 f6 27. f4 Kf7 28. b4 Nc8 29. Kf3 Ne7 {The position is equal.} 30. Nd3 Rxc1 31. Nxc1 Nc6 32. Nd3 Ke7 33. Nc5 Nxb4 34. Nxb7 {Precision: White = 50%, Black = 71%.} 1/2-1/2

[Event "3rd GRENKE Chess Open 2018"]
[Site "Karlsruhe"]
[Date "2018.03.31"]
[Round "5"]
[White "Landa, Konstantin"]
[Black "Coenen, Michael"]
[Result "1-0"]
[WhiteElo "2613"]
[BlackElo "2358"]
[Annotator "TA"]
[PlyCount "73"]
[EventDate "2018.??.??"]
[EventType "swiss"]
[EventCountry "GER"]
[SourceTitle "playchess.com"]
[Source "ChessBase"]
[SourceQuality "1"]

{[%evp 16,73,8,7,14,0,19,21,24,0,0,0,77,90,87,81,116,110,119,114,113,101,106,106,96,105,128,125,130,123,133,134,139,137,138,133,138,135,168,168,168,168,168,170,209,212,206,195,514,502,477,285,287,273,306,297,429,423,613,603]} 1. Nf3 Nf6 2. g3 d5 3. Bg2 e6 4. O-O Be7 5. b3 O-O 6. Bb2 b6 7. c4 Bb7 8. cxd5 exd5 9. d4 Re8 {E17: Queen's Indian: 4 g3 Bb7 5 Bg2 Be7} (9... Nbd7 10. Nc3 Re8 11. Rc1 Bf8 12. Qc2 a6 13. Rfd1 Rc8 14. e3 Qe7 15. Ne5 Qe6 16. Ne2 c6 17. Nf4 Qd6 18. Bh3 Rc7 19. b4 {½-½ (39) Leko,P (2691)-Bacrot,E (2725) Riadh 2017}) 10. Ne5 c5 11. dxc5 $146 ({Predecessor:} 11. Nd2 Na6 12. Rc1 Rc8 13. Nd3 Rc7 14. e3 h6 15. Nf4 cxd4 16. Rxc7 Nxc7 17. Bxd4 Ba6 18. Re1 {1-0 (51) Nikolaidis,I (2531)-Makropoulou,M (2313) Korinthos 2001}) 11... bxc5 {The position is equal.} 12. Nc3 Nbd7 13. Nc4 {[%cal Rc3d5]} dxc4 (13... Nb6 $11) 14. Bxb7 $16 Rb8 15. Ba6 Nb6 16. Bb5 Qxd1 17. Rfxd1 Red8 18. Rxd8+ Bxd8 19. Nd1 cxb3 20. axb3 a5 21. Be5 Ra8 22. Ne3 {[#] Strongly threatening Bc6.} Nbd7 23. Bc3 Nf8 24. Nc4 Ne6 25. e3 Rb8 {[#]} 26. Ba4 $1 Ra8 27. Bc6 Ra6 28. Bg2 h5 29. h4 g5 30. hxg5 Nxg5 31. Rd1 Bc7 $2 (31... Be7 {is more resistant.} 32. Ra1 Bd8) 32. Bxf6 $18 Rxf6 33. Rd5 (33. Rd7 $142) 33... Ne6 34. Rxh5 Kg7 35. Rd5 Rh6 (35... Bb8 $142 36. Bh3 Rg6 37. Bxe6 Rxe6 38. Rxc5 Ra6 39. Rxa5 Rxa5) 36. Rd7 Bd8 (36... Kg8 $142 37. f4 Kg7) 37. Bd5 {Precision: White = 81%, Black = 36%.} 1-0

[Event "3rd GRENKE Chess Open 2018"]
[Site "Karlsruhe"]
[Date "2018.03.31"]
[Round "5"]
[White "Papp, Gabor"]
[Black "Hess, Max"]
[Result "1-0"]
[WhiteElo "2604"]
[BlackElo "2338"]
[Annotator "TA"]
[PlyCount "77"]
[EventDate "2018.??.??"]
[EventType "swiss"]
[EventCountry "GER"]
[SourceTitle "playchess.com"]
[Source "ChessBase"]
[SourceQuality "1"]

{[%evp 18,77,59,41,56,48,99,99,93,100,101,102,105,100,120,106,116,112,115,120,156,140,187,180,175,168,191,181,206,212,214,133,131,162,250,258,421,422,401,429,410,307,431,407,448,400,622,619,600,380,366,380,847,870,29981,29981,29988,29986,29986,29987,29992,29978]} 1. e4 c5 2. Nf3 e6 3. d4 cxd4 4. Nxd4 Nc6 5. Nc3 Qc7 6. Be3 a6 7. a3 Nf6 8. f4 d6 9. Qf3 Bd7 {B82: Sicilian Scheveningen: 6 f4} (9... Nxd4 10. Bxd4 b5 11. Bd3 Bb7 12. Bxf6 gxf6 13. f5 Be7 14. O-O Qc5+ 15. Kh1 h5 16. fxe6 fxe6 17. a4 {1-0 (32) Grischuk,A (2783)-Cori Tello,J (2641) Tbilisi 2017}) 10. O-O-O {LiveBook: 3 Games} h5 $146 ({Predecessor:} 10... Rc8 11. Nb3 b5 12. g4 h6 13. h4 b4 14. axb4 Nxb4 15. Qe2 Nxg4 16. Qxg4 Na2+ 17. Kd2 Nxc3 18. bxc3 Qxc3+ {1-0 (55) Wieczorek,O (2465)-Sokolov,A (2517) Germany 2017}) 11. h3 Nxd4 (11... Rb8 $14) 12. Bxd4 $16 Bc6 13. Bd3 h4 14. Rhe1 O-O-O 15. Qf2 {Black must now prevent Bb6.} Nd7 16. Bc4 b5 17. Ba2 Re8 18. Kb1 Rh6 19. f5 Ne5 20. Be3 Rh8 21. Rd4 Kb8 22. Red1 g6 23. a4 gxf5 24. axb5 axb5 25. exf5 Rg8 (25... Kb7 $142) 26. Ne4 $18 (26. Rxh4 Rxg2 27. Qf1 (27. Nxb5 $2 Qb7 $19) 27... Rg3 $14) 26... Bxe4 $2 {[#]} (26... Kb7 {might work better.}) 27. Rxe4 Qc6 28. Qe2 Ka8 29. Bg1 Re7 (29... Kb8 $142 30. Bb3 Rg5 31. fxe6 (31. Rxh4 Rxg2 32. Qf1 Rg5 $16) 31... fxe6) 30. Bb3 Bh6 31. Qe1 Kb8 (31... Rc8 $142 32. Rxh4 Bf8 33. fxe6 fxe6) 32. fxe6 fxe6 33. Rxe5 dxe5 34. Qxe5+ Rc7 $2 {[#]} (34... Kb7 35. Bd5 exd5 36. Qxe7+ Kc8) 35. Rd6 Rg5 36. Qxe6 {White mates.} Rxg2 37. Rxc6 Rxg1+ 38. Ka2 Ra7+ 39. Ra6 {Precision: White = 78%, Black = 37%.} 1-0

[Event "3rd GRENKE Chess Open 2018"]
[Site "Karlsruhe"]
[Date "2018.03.31"]
[Round "5"]
[White "Sumets, Andrey"]
[Black "Eden, James"]
[Result "1-0"]
[WhiteElo "2590"]
[BlackElo "2324"]
[Annotator "TA"]
[PlyCount "64"]
[EventDate "2018.??.??"]
[EventType "swiss"]
[EventCountry "GER"]
[SourceTitle "playchess.com"]
[Source "ChessBase"]
[SourceQuality "1"]

{[%evp 24,64,80,60,80,81,138,138,126,110,150,125,111,113,112,117,121,94,114,95,91,79,136,133,221,218,208,216,220,220,266,281,277,274,370,364,1018,1018,1163,531,1555,1514,3060]} 1. d4 Nf6 2. c4 g6 3. Nc3 Bg7 4. e4 d6 5. Nf3 O-O 6. Be2 e5 7. O-O Nc6 8. d5 Ne7 9. Ne1 Ne8 10. Be3 f5 11. f3 f4 12. Bf2 g5 13. a4 {LiveBook: 11 Games} a5 {[#] E98: King's Indian: Classical Main Line: 9 Ne1} 14. c5 $1 Nf6 (14... dxc5 $142 15. Bxc5 Nd6) 15. cxd6 $16 cxd6 {White is clearly better.} 16. Rc1 Rf7 17. Nb5 {And now Nc7 would win.} Ng6 18. Qc2 {Strongly threatening Nc7.} Ne8 19. Na3 $146 ({Predecessor:} 19. Na7 Bd7 20. Bb5 g4 21. Bxd7 Qxd7 22. Bb6 {1-0 (31) Fang,J (2319)-Hallinan,M Parsippany 2001}) 19... h5 20. Nc4 g4 {[%cal Bg5g4,Bg4g3][%mdl 32]} 21. Kh1 g3 22. Bg1 Rc7 (22... Rb8 $142) 23. Qd2 Rc5 (23... Bd7 $16) 24. Nd3 $18 b6 25. b4 (25. Bxc5 $6 bxc5 26. h3 Qh4 $16) 25... axb4 26. Qxb4 (26. Nxc5 bxc5 27. Ra1 h4 $11) 26... Nh4 {[#] intending ...Nxg2.} 27. Rfd1 $1 (27. Bxc5 $6 bxc5 28. Qb6 Qe7 $16) (27. Nxc5 Bh3 $17) (27. Qxb6 Rc7 $16) 27... Nxg2 28. Kxg2 (28. Bxc5 $2 {too greedy.} bxc5 29. Qxc5 (29. Qb5 $2 Qh4 $19) 29... dxc5 $19) (28. Nxc5 bxc5 29. Qb6 Qd7 $11) (28. Nxb6 Qh4 $14) 28... Qd7 {( -> ...Qh3+)} 29. Kh1 h4 $2 (29... Rxa4 30. Qb3 (30. Qxb6 Rcxc4 31. Rxc4 Rxc4 $11) 30... Rcxc4) 30. Nxb6 {White is clearly winning.} (30. Bxc5 {gets mated.} Qh3 31. Kg1 bxc5 32. Qxc5 dxc5 33. hxg3 hxg3 34. Ndxe5 Qh2+ 35. Kf1 Qh1#) 30... Qf7 31. Nxc8 h3 {[%csl Gh3][%cal Rg3g2]} 32. Bxc5 Qg6 {Precision: White = 84%, Black = 45%.} 1-0

[Event "3rd GRENKE Chess Open 2018"]
[Site "Karlsruhe"]
[Date "2018.03.31"]
[Round "5"]
[White "Buhmann, Rainer"]
[Black "Perske, Thore"]
[Result "1-0"]
[WhiteElo "2588"]
[BlackElo "2447"]
[Annotator "TA"]
[PlyCount "53"]
[EventDate "2018.??.??"]
[EventType "swiss"]
[EventCountry "GER"]
[SourceTitle "playchess.com"]
[Source "ChessBase"]
[SourceQuality "1"]

{[%evp 15,53,29,37,16,63,60,66,60,78,78,83,75,76,43,81,77,93,43,39,25,39,37,45,45,58,49,172,161,294,294,302,295,625,627,595,576,729,729,725,720]} 1. d4 d5 2. c4 c6 3. Nf3 Nf6 4. e3 g6 5. Nc3 Bg7 6. Be2 O-O 7. O-O Nbd7 8. a4 {[%cal Ba2a4,Ba4a5][%mdl 32] D94: Grünfeld: 4 Nf3 Bg7 5 e3} (8. Qc2 dxc4 9. Bxc4 Nb6 10. Bb3 Nfd5 11. e4 Nc7 12. h3 Be6 13. Be3 Qc8 14. Rfd1 Rd8 15. Ng5 Bc4 16. Ne2 Bxb3 17. Qxb3 {1-0 (42) Svidler,P (2765)-Jobava,B (2690) Riadh 2017}) 8... Re8 {LiveBook: 4 Games} 9. Qb3 {[%cal Rc4d5]} Qb6 $146 ({Predecessor:} 9... e6 10. a5 Ne4 11. Rd1 Nd6 12. c5 Nf5 13. e4 dxe4 14. Nxe4 h6 15. g4 Ne7 {½-½ (54) Gaehwiler,G (2401)-Loetscher,R (2446) Switzerland 2017}) 10. Qa2 {White is slightly better.} e6 11. a5 Qd8 12. b4 {[%cal Bb2b4,Bb4b5][%mdl 32]} Rb8 13. b5 Ne4 14. Bb2 Ndc5 15. Rfc1 Nxc3 16. Rxc3 (16. Bxc3 {is more complex.} Ne4 17. Bb4 e5 18. dxe5 Rxe5 19. Nxe5 Bxe5 20. Be1) 16... Ne4 17. Rc2 cxb5 18. cxb5 Bd7 19. Ne5 Nd6 20. Qb3 Bxe5 ({Black should try} 20... a6 $14) 21. dxe5 $18 Nc4 (21... Nf5 $142 22. g4 Nh4) 22. Bxc4 dxc4 23. Rxc4 {[%cal Bc2c4,Bc4d4,Bd4d2][%mdl 32]} Qg5 $2 {[#]} (23... Rf8 24. Rd4 Qe8) 24. h4 {White is clearly winning.} Qh5 25. Rd4 Red8 26. Rad1 Qe2 27. R4d2 {Precision: White = 83%, Black = 30%.} 1-0

[Event "3rd GRENKE Chess Open 2018"]
[Site "Karlsruhe"]
[Date "2018.03.31"]
[Round "5"]
[White "Sadzikowski, Daniel"]
[Black "Bernadskiy, Vitaliy"]
[Result "1/2-1/2"]
[WhiteElo "2583"]
[BlackElo "2588"]
[Annotator "TA"]
[PlyCount "154"]
[EventDate "2018.??.??"]
[EventType "swiss"]
[EventCountry "GER"]
[SourceTitle "playchess.com"]
[Source "ChessBase"]
[SourceQuality "1"]

{[%evp 9,154,33,51,48,30,26,45,38,46,39,38,37,38,35,56,38,52,26,42,11,10,0,18,0,0,-10,11,7,10,-15,0,0,0,-29,-43,-51,-42,-26,-42,-28,-42,-86,-88,-137,-93,-97,-81,-81,-81,-81,-81,-81,-81,-87,-143,-143,-143,-143,-143,-143,-143,-143,-143,-343,-299,-249,0,-172,0,0,0,0,0,0,0,0,0,-54,0,0,0,0,0,0,0,0,0,0,0,0,0,0,0,0,0,0,0,0,0,0,0,0,0,0,0,0,0,0,0,0,0,0,0,0,0,0,0,0,0,0,0,0,0,0,0,0,0,0,0,0,0,0,0,0,0,0,0,0,0,0,0,0,0,0,0,0,0]} 1. d4 g6 2. e4 Bg7 3. Nc3 a6 4. f4 d5 (4... b5 5. Nf3 d6 6. Bd3 Nd7 7. e5 c5 8. Be4 Rb8 9. Be3 b4 10. Ne2 Nh6 11. dxc5 Nxc5 12. Bxc5 dxc5 13. Bc6+ Bd7 14. Qd5 Rc8 15. Bxd7+ Qxd7 16. Qxd7+ Kxd7 {1-0 (41) Yu,Y (2760)-Adhiban,B (2655) chess.com INT 2018}) 5. Nxd5 e6 6. Nc3 {B06: Modern Defence} Qxd4 7. Bd3 Nc6 8. Nf3 {White is slightly better.} Qb6 9. Qe2 Nb4 $146 ({Predecessor:} 9... Nge7 10. a3 Bd7 11. e5 Nf5 12. g4 {0-1 (57) Sousa,H (2165)-Gharamian,T (2624) Lisbon 2017}) 10. Be3 Nxd3+ 11. cxd3 Qd6 12. O-O Ne7 13. Rac1 b6 14. Bf2 O-O 15. Bh4 Bb7 16. d4 f5 17. Rfe1 fxe4 18. Nxe4 Qd7 19. Neg5 Nf5 20. Bf2 Bxf3 21. Nxf3 (21. Qxf3 {is interesting.} Nxd4 22. Qh3 Bh8 23. Kh1 Rae8 24. Bxd4 Bxd4 25. Rxe6 Rxe6 26. Qxe6+ Qxe6 27. Nxe6 Bxb2 28. Rxc7 Rf6 29. Rc6) 21... Nxd4 22. Bxd4 Bxd4+ 23. Nxd4 Qxd4+ 24. Kh1 Qxf4 25. g3 Qf7 26. Qe5 Rac8 27. Qxe6 Qxe6 28. Rxe6 Rf2 29. Rxb6 cxb6 {[%cal Rc8c1] [#]} 30. Rxc8+ $17 {[%mdl 4096] Endgame KR-KR} Kg7 31. Rc7+ Kh6 32. Ra7 a5 ({Don't take} 32... Rxb2 33. Rxa6 Kg5 34. Kg1 $15) 33. b4 Rxa2 34. bxa5 bxa5 35. Kg1 a4 {[%cal Ba5a4,Ba4a3][%mdl 32]} 36. h3 $2 (36. g4 $17) 36... a3 $19 37. h4 {intending g4.} g5 38. hxg5+ $1 Kxg5 $2 (38... Kg6 $19 39. Ra5 Kf7) 39. Ra4 $1 $11 Kf5 40. Rf4+ $1 Ke5 41. Rf3 $1 Ke4 (41... h6 {keeps more tension.} 42. g4 Kd4 43. Kf1 Ke4 44. Rh3 Ke5) 42. Rb3 Kf5 43. Rc3 (43. Re3 $11 Ra1+ 44. Kg2) 43... Kg4 (43... Ke6 $1 $15 44. g4 Ra1+ 45. Kg2 a2) 44. Rb3 {The position is equal.} Kh3 45. g4+ Kxg4 46. Kh1 Kf4 {Strongly threatening ...h5.} 47. Kg1 Ke4 {aiming for ...h5.} 48. Kh1 Kd4 49. Rf3 h5 50. Rb3 Kc4 51. Rf3 Kb4 52. Rf4+ Kc3 53. Rf3+ Kc4 54. Rf4+ Kd3 55. Rf3+ Ke2 56. Rg3 Ra1+ 57. Kg2 h4 58. Rb3 Ra2 59. Kh1 Kd1 60. Rf3 Ke1 {Threatens to win with ...h3!} 61. Rd3 Ra1 62. Kg2 Ke2 63. Rb3 Kd2 64. Rf3 {[#]} h3+ $1 65. Kh2 (65. Rxh3 Ra2) 65... Ke2 66. Rb3 Ra2 {Hoping for ...Kd1+.} 67. Kh1 Ke1 {...Kd2 is the strong threat.} 68. Rd3 Ra1 {( -> ...Ke2+)} 69. Kh2 Ke2 70. Rb3 Kd2 71. Rf3 Kc2 {And now ...Kb2 would win.} 72. Rf2+ Kd3 73. Rf3+ Kc4 {White must now prevent ...Kd4.} 74. Rf4+ Kc5 75. Rf5+ Kd4 76. Rf3 Ra2+ 77. Kh1 Ke5 {Precision: White = 64%, Black = 71%.} 1/2-1/2

[Event "3rd GRENKE Chess Open 2018"]
[Site "Karlsruhe"]
[Date "2018.03.31"]
[Round "5"]
[White "Heberla, Bartlomiej"]
[Black "Carlstedt, Jonathan"]
[Result "1/2-1/2"]
[WhiteElo "2570"]
[BlackElo "2432"]
[Annotator "TA"]
[PlyCount "119"]
[EventDate "2018.??.??"]
[EventType "swiss"]
[EventCountry "GER"]
[SourceTitle "playchess.com"]
[Source "ChessBase"]
[SourceQuality "1"]

{[%evp 9,119,0,20,23,25,0,12,18,16,-4,4,0,0,0,30,35,18,17,27,20,40,31,32,30,27,27,26,0,1,3,1,8,52,61,58,58,74,72,81,80,70,75,66,34,45,39,82,50,115,123,125,90,89,91,116,119,122,108,119,112,109,87,115,100,91,86,83,80,81,82,86,84,90,86,93,30,75,75,70,64,134,63,91,85,85,72,87,72,75,73,71,79,80,66,66,66,66,18,18,9,9,9,9,8,8,8,8,8,8,0,0,0]} 1. c4 c6 2. d4 d5 3. Nf3 Nf6 4. Nc3 e6 5. Qb3 a5 {LiveBook: 9 Games} (5... Be7 6. Bg5 h6 7. Bh4 O-O 8. e3 Nbd7 9. Rd1 a6 10. Qc2 b5 11. c5 e5 12. dxe5 Ne8 13. Bg3 Nxc5 14. Nd4 {0-1 (54) Jumabayev,R (2612)-Kasimdzhanov,R (2683) Riadh 2017}) 6. cxd5 {D43: Semi-Slav: 5 Bg5 h6} exd5 7. Bg5 Be7 $146 ({Predecessor:} 7... Nbd7 8. e3 Be7 9. Bd3 O-O 10. O-O Re8 11. Qc2 Nf8 12. Ne5 Ng4 13. Bxe7 Qxe7 14. Nxg4 Bxg4 15. Bf5 Bxf5 16. Qxf5 Rad8 17. Ne2 Rd6 {½-½ (40) Jojua,D (2434)-Corrales Jimenez,F (2513) Yerevan 2007}) 8. e3 Ne4 9. Bf4 a4 10. Qc2 Qa5 {[#] White must now prevent ...a3.} 11. a3 Bf5 {Threatens to win with ...Ng3!} 12. Bd3 Bg6 13. O-O {[%cal Rc3e4]} Nxc3 14. Bxg6 hxg6 15. bxc3 O-O 16. Ne5 Bf6 17. c4 Bxe5 18. dxe5 {next Rab1 is good for White.} Qc5 19. Qb2 {Black should prevent e6.} dxc4 20. Qxb7 Ra7 (20... Na6 {looks sharper.} 21. e6 fxe6 22. Qb2 c3 23. Qa2 Qd5) 21. Qb2 Nd7 22. Rfc1 Re8 {[%cal Rd7e5]} 23. Qd4 Qxd4 24. exd4 c5 25. dxc5 Nxc5 26. Rxc4 Nd3 27. Bg3 g5 28. h4 Ree7 ({Better is} 28... gxh4 $14 29. Rxh4 Raa8) 29. hxg5 $16 Nxe5 30. Re4 Nd3 31. Rd4 Nc5 32. Rad1 Ne6 33. Rh4 Re8 34. Re1 Ra6 35. Ree4 Rc8 36. Rxa4 Rca8 37. Rxa6 Rxa6 {[%mdl 4096] Endgame KRB-KRN} 38. a4 Nc5 39. Rc4 Nxa4 40. Be5 Re6 41. f4 Nb6 42. Rc7 (42. Rd4 $16) 42... Nd5 43. Rd7 Ne3 44. g3 Nc4 (44... Rc6 $14) 45. Bc7 (45. Bd4 $16) 45... Kf8 46. Kf2 Ke8 47. Rd8+ Ke7 {Black wants to play ...Rc6.} 48. Ra8 Kd7 49. f5 Rc6 50. Bf4 Rc5 51. g4 {And now Rg8 would win.} Ne5 52. Bxe5 Rxe5 $14 {KR-KR} 53. Rg8 g6 $1 {The position is equal.} 54. fxg6 fxg6 55. Rxg6 Ke7 $1 56. Rf6 Rxg5 57. Rf4 {Kg3 is the strong threat.} Rg6 58. Kg3 {Hoping for Kh4.} Rf6 59. Rxf6 Kxf6 60. Kg2 {Precision: White = 60%, Black = 66%.} 1/2-1/2

[Event "3rd GRENKE Chess Open 2018"]
[Site "Karlsruhe"]
[Date "2018.03.31"]
[Round "5"]
[White "Antal, Gergely"]
[Black "Ginsburg, Gennadi"]
[Result "1-0"]
[WhiteElo "2540"]
[BlackElo "2428"]
[Annotator "TA"]
[PlyCount "79"]
[EventDate "2018.??.??"]
[EventType "swiss"]
[EventCountry "GER"]
[SourceTitle "playchess.com"]
[Source "ChessBase"]
[SourceQuality "1"]

{[%evp 18,79,20,22,22,14,29,23,21,20,27,26,31,20,52,-13,-9,-11,0,-18,-15,-15,-15,-16,0,0,57,53,64,67,60,47,50,33,77,18,18,18,32,42,59,62,66,62,76,76,76,83,93,88,88,95,91,85,83,80,198,177,170,170,1255,1240,984,1111]} 1. e4 c5 2. Nf3 d6 3. d4 cxd4 4. Nxd4 Nf6 5. Nc3 a6 6. h3 g6 7. g3 Bg7 8. Bg2 O-O 9. O-O Nc6 10. Be3 {LiveBook: 38 Games. B91: Sicilian Najdorf: 6 g3} Nxd4 (10... Nd7 11. b3 Nxd4 12. Bxd4 Bxd4 13. Qxd4 b6 14. Nd5 Bb7 {½-½ (40) Carlsen,M (2832)-Nakamura,H (2785) Stavanger 2017}) 11. Bxd4 Be6 12. f4 $146 {White has an edge.} ({Predecessor:} 12. Re1 Rc8 13. Nd5 Bxd5 14. exd5 Re8 15. Re2 Nd7 16. Bxg7 Kxg7 17. Qd4+ Nf6 {1-0 (28) Mista,A (2609)-Areshchenko,A (2701) Warsaw 2014}) 12... Rc8 13. Rf2 Rc4 {White must now prevent ...Nxe4!} 14. Ne2 $1 Qc8 15. Kh2 $1 {[#]} Bg4 $1 {[%mdl 512] And now ...Bxe2 would win.} 16. Bxf6 ({White should try} 16. e5 $14 dxe5 17. fxe5 Bxe2 18. Rxe2) (16. hxg4 Nxg4+) 16... Bxe2 $1 $11 17. Qxe2 Bxf6 18. e5 dxe5 19. fxe5 Bg7 20. Bxb7 Qe6 21. Rd1 {Hoping for Bd5.} Rb4 (21... Rc5 $11) 22. Bd5 $14 ({But not} 22. Qxa6 Rb6 $17) 22... Qxe5 {[#]} 23. Bxf7+ $1 {[%mdl 512]} Kh8 {...Qxe2 is the strong threat.} (23... Rxf7 24. Rd8+) 24. Qxe5 Bxe5 25. Re1 Bd6 26. Kg2 ({Better is} 26. c3 $16 Rxf7 27. Rxf7 Rxb2+ 28. Kg1) 26... Rxb2 $11 {Threatening ...Bc5.} 27. Bb3 Rxf2+ 28. Kxf2 {[%mdl 4096] Endgame KRB-KRB} h5 29. g4 hxg4 30. hxg4 g5 31. Ke3 Kg7 32. Kd3 Bb4 33. Rf1 a5 34. a4 Kg6 35. Kc4 Kg7 36. Kd5 Bc3 (36... Kg6 $16) 37. Ke6 $18 Bf6 38. Kf5 Kf8 $2 (38... Kh7 39. Ke6 Kg6) 39. Kg6 Ke8 {[#]} 40. Rd1 $1 {Precision: White = 67%, Black = 43%.} 1-0